U.S. States Californians are Moving to the Least - Statistics

General Stats
  • This quiz has been taken 636 times
    260 since last reset
  • The average score is 7 of 10
Answer Stats
Californians State % Correct
3,337 Maine
85%
2,017 North Dakota
82%
5,351 South Dakota
80%
2,007 Vermont
77%
3,428 New Hampshire
75%
3,967 Rhode Island
73%
3,138 Wyoming
67%
1,955 Delaware
62%
1,552 West Virginia
57%
5,067 Nebraska
55%
No matching quizzes found
Score Distribution
Percent of People with Each Score
Percentile by Number Answered
Your Score History
You have not taken this quiz since the last reset